| 000 | 00418cam a2200181ua 4500 | ||
|---|---|---|---|
| 020 | _c2 | ||
| 041 |
_amal _h |
||
| 082 |
_a894.81209 _bSHA/KA |
||
| 100 | _aShanmukhadas, M . | ||
| 245 |
_aKathayum novalum / _cM Shanmukhadas. _hTextual Documents |
||
| 250 |
_a1 / _b. |
||
| 260 |
_aCalicut : _bP K Brothers , _c1967. |
||
| 300 | _a138 ; . | ||
| 365 | _a2 | ||
| 504 | _a | ||
| 942 | _cBK | ||
| 999 |
_c11600 _d11600 |
||